<?xml version="1.0" encoding="UTF-8"?>
<collection xmlns="http://www.loc.gov/MARC21/slim">
  <record>
    <leader>00000nam  2200000   4500</leader>
    <controlfield tag="001">INLIS000000000020795</controlfield>
    <controlfield tag="005">20250811033209</controlfield>
    <datafield tag="035" ind1="#" ind2="#">
      <subfield code="a">0010-0825000073</subfield>
    </datafield>
    <controlfield tag="007">ta</controlfield>
    <controlfield tag="008">250811################|##########|#|##</controlfield>
    <datafield tag="084" ind1="#" ind2="#">
      <subfield code="a">R 0035 PKP 2024</subfield>
    </datafield>
    <datafield tag="100" ind1=" " ind2="#">
      <subfield code="a">Abdul Kodir</subfield>
    </datafield>
    <datafield tag="245" ind1="1" ind2="#">
      <subfield code="a">Pembangunan Media Pengelolaan Data Anggaran Digital Pada Sub Bagian Tata Usaha Sekretariat Badan Urusan Rumah Tangga DPR RI /</subfield>
      <subfield code="c">Abdul Kodir</subfield>
    </datafield>
    <datafield tag="260" ind1="#" ind2="#">
      <subfield code="a">Jakarta :</subfield>
      <subfield code="b">Pusbangkom Pimnas dan Manajerial ASN,</subfield>
      <subfield code="c">2024</subfield>
    </datafield>
    <datafield tag="300" ind1="#" ind2="#">
      <subfield code="a">39 hlm. ;</subfield>
      <subfield code="c">30 cm</subfield>
    </datafield>
    <datafield tag="650" ind1="#" ind2="4">
      <subfield code="a">Media Pengelolaan Data</subfield>
    </datafield>
    <datafield tag="520" ind1="#" ind2="#">
      <subfield code="a">Pembangunan media untuk pengelolaan data dukung anggaran di Kasubbag TU Sekretariat BURT, dikaitkan dengan berbagai isu nasional dan prioritas pemerintah seperti pengentasan kemiskinan, digitalisasi pemerintah, peningkatan administrasi pemerintah, peningkatan investasi, percepatan penanganan isu stunting, penggunaan produk dalam negeri.Mekanisme dan pola kerja pada Sekretariat BURT belum tertata dalam suatu sistem yang terpadu, efektif dan efisien. Hal tersebut terjadi karena pengelolaan dokumen arsip data dan informasi dilakukan secara manual dalam modul-modul yang tersebar serta belum terorganisisr penyimpanannya, hal tersebut membutuhkan waktu untuk pencarian dokumen yang dibutuhkan.</subfield>
    </datafield>
    <datafield tag="990" ind1="#" ind2="#">
      <subfield code="a">2024/1.2.4/A/0035</subfield>
    </datafield>
  </record>
</collection>
